[Event "Udaipur Pandiyar op 8th"]
[Site "Udaipur"]
[Date "2023.10.15"]
[Round "1"]
[White "Pranab, Maity"]
[Black "Girinath, PDS"]
[Result "0-1"]
[WhiteElo "1235"]
[BlackElo "2312"]
[PlyCount "145"]
[EventDate "2023.10.15"]
[EventType "swiss"]
[EventRounds "9"]
[EventCountry "IND"]
[SourceTitle "CBM 216 Extra"]
[Source "ChessBase"]
[SourceDate "2023.11.30"]
[SourceVersion "1"]
[SourceVersionDate "2023.11.30"]
[SourceQuality "1"]

1. c4 e5 2. Nc3 Nf6 3. g3 d5 4. cxd5 Nxd5 5. Bg2 Nb6 6. e3 Nc6 7. Nge2 Bf5 8. d4 exd4 9. Nxd4 Nxd4 10. exd4 c6 11. 0-0 Be6 12. Re1 Be7 13. b3 0-0 14. Bb2 Bb4 15. a3 Bxc3 16. Bxc3 Bd5 17. Rc1 Bxg2 18. Kxg2 Nd5 19. Qf3 a5 20. a4 Qb6 21. Bb2 Rfe8 22. h4 Qb4 23. Re5 f6 24. Rxe8+ Rxe8 25. Qd3 Re6 26. Rc2 Qe1 27. Rc1 Qb4 28. Rc2 Qe7 29. Bc3 b6 30. Qf3 Qd7 31. Bd2 Ne7 32. Be3 Qd5 33. Qxd5 Nxd5 34. Kf3 h5 35. Bd2 Kf7 36. Be3 Kg6 37. Bd2 Kf5 38. Be3 g5 39. hxg5 fxg5 40. Rc1 Kg6 41. g4 Rf6+ 42. Kg3 h4+ 43. Kg2 Re6 44. Kf3 Kf6 45. Re1 Nxe3 46. fxe3 Ke7 47. e4 Rf6+ 48. Ke3 Rf4 49. Rg1 Kd6 50. Rg2 c5 51. Rg1 Ke6 52. Rg2 cxd4+ 53. Kxd4 Rf3 54. Rb2 Rg3 55. b4 Rxg4 56. bxa5 bxa5 57. Rb6+ Kf7 58. Ke5 Rf4 59. Rh6 Rf3 60. Kd6 Rd3+ 61. Ke5 Kg7 62. Rh5 Kg6 63. Rh8 h3 64. Ke6 g4 65. e5 Kg5 66. Kf7 Rf3+ 67. Ke7 Kf4 68. e6 Kg3 69. Kd6 Rd3+ 70. Ke5 Re3+ 71. Kf5 h2 72. Rh6 Re2 73. Rh5 0-1